000 00427nam a2200157 i 4500
001 99154
003 ES-MaACL
005 20230906182441.0
007 t|
008 050902s1979 sp ||||1| spa d
100 1 _aMartín Asín, Fernando.
_977403
245 1 0 _aAstronomía /
_cFernando Martín Asín.
260 _aMadrid :
_bParaninfo,
_c1979.
300 _a424 p. :
_bil. ;
_c22 cm.
852 _aES-MaACL
_jA-10605
_bR.99712
999 _c99154
_d99154